| 000 | 00762nam a2200217 a 4500 | ||
|---|---|---|---|
| 005 | 20090905153259.0 | ||
| 008 | 060731s1999 nyua b 000 0 eng d | ||
| 010 | _aB-357047 | ||
| 020 | _c25.00 | ||
| 035 | _aB-357047 | ||
| 037 | _bDBAD / PUB | ||
| 040 |
_adpl _bEnglish |
||
| 082 | _aS | ||
| 245 |
_aChildren moral stories with attractive lovely pictures / _cretold by Narayana D.V.V.S. |
||
| 260 |
_aVijayawada, _bMudra Books _c2008 |
||
| 270 |
_aEluru Road, _bVijayawada, _e2 |
||
| 300 |
_a132p.: _c20cm(pbk) _bill |
||
| 650 | _2Children's stories, English | ||
| 942 |
_2ddc _cCH _mNAR _hS |
||
| 999 |
_c30079 _d30079 |
||